Da voz lírica do Alentejo (Record no. 16483)
[ view plain ]
| 000 -Etiqueta do registo | |
|---|---|
| Valores | 00658nam a2200169 4500 |
| 010 ## - Número ISBN | |
| ISBN | 9789895663347 |
| 021 ## - Número do Depósito Legal | |
| Número | 521 106/23 |
| 100 ## - Dados gerais de processamento | |
| Dados gerais | 20260420 pory50 |
| 200 ## - Titulo e menção de responsabilidade | |
| Título próprio | Da voz lírica do Alentejo |
| Título paralelo | Contributo para o estudo da Literatura oral e tradicional do concelho de Reguengos de Monsaraz |
| Primeira menção de responsabilidade | Lina Santos Mendoça |
| 210 ## - Publicação | |
| Local de publicação | Lisboa |
| Nome do editor | Ed. Colibri |
| Data de publicação | 2024 |
| 215 ## - Descrição física | |
| Paginação / Volumes | 536 p. |
| Dimensões | 23 cm |
| 300 ## - Notas gerais | |
| Texto da nota | Tese dout. Estudos de Literatura e de Cultura (Literatura Oral Tradicional), Faculdade de Letras, Universidade de Lisboa, 2018<br/> |
| 606 ## - Nome comum usado como assunto | |
| ID Autoridade | 189 |
| Palavra de ordem | Folclore. Tradição popular. |
| 801 ## - Fonte de origem | |
| País | PT |
| Agência | BMA |
| Regras de catalogação | RPC |
| 990 ## - Elementos KOHA | |
| Tipo de documento | Livro |
| Situação do levantamento | Estado | Biblioteca de origem | Código de barras | Cota | Permissão de empréstimo | Tipo de documento | Forma de aquisição |
|---|---|---|---|---|---|---|---|
| Biblioteca Municipal do Alandroal | 18474/25 | 398.5/.9(=1:469.512) MEN | Livro | Oferta |